Statistics for Fast Typing - Words Starting With E

Click here to take the quiz!

General Stats

  • This quiz has been taken 12 times
    (9 since last reset)
  • The average score is 12 of 20

Answer Stats

WordWord% Correct
EagerEager
100%
EarEar
100%
EarnEarn
100%
EarringEarring
100%
EditionEdition
100%
EerieEerie
100%
EffectEffect
100%
ElderElder
100%
ElectricElectric
100%
ElegantElegant
100%
ElevenEleven
100%
EliteElite
100%
ElkElk
100%
EmberEmber
100%
EmpireEmpire
100%
EmptyEmpty
100%
EnchantEnchant
100%
EnemyEnemy
100%
EnrageEnrage
100%
EnterEnter
100%
EonEon
100%
EquinoxEquinox
100%
EquipEquip
100%
EssenceEssence
100%
EventualEventual
100%
ExamineExamine
100%
ExcelExcel
100%
ExciteExcite
100%
EcologyEcology
75%
EnvyEnvy
75%
EvadeEvade
75%
EaselEasel
67%
EasternEastern
50%
EludeElude
50%
EmbarkEmbark
50%
EmitEmit
50%
EnableEnable
50%
EndEnd
50%
EnjoyEnjoy
50%
EtherEther
50%
ExactlyExactly
50%
EasyEasy
33%
EdibleEdible
33%
EnergyEnergy
33%
EpicEpic
33%
ErosionErosion
33%
ExtinctExtinct
33%
EachEach
0%
EardrumEardrum
0%
EarlyEarly
0%
EarthEarth
0%
EbonyEbony
0%
EchoEcho
0%
EclipseEclipse
0%
EdgeEdge
0%
EducateEducate
0%
EelEel
0%
EighteenEighteen
0%
EjectEject
0%
ElasticElastic
0%
ElevateElevate
0%
ElfElf
0%
EmergeEmerge
0%
EmployEmploy
0%
EmuEmu
0%
EnamelEnamel
0%
EncloseEnclose
0%
EndangerEndanger
0%
EndureEndure
0%
EpisodeEpisode
0%
EquatorEquator
0%
EraseErase
0%
ErosionError
0%
EssayEssay
0%
EternalEternal
0%
EvnEven
0%
EvidentEvident
0%
EvilEvil
0%
EvovleEvolve
0%
EyeEye
0%

Score Distribution

Percentile by Number Answered

Percent of People with Each Score

Your Score History

You have not taken this quiz since the last reset